| 000 -LEADER |
| fixed length control field |
02803cam a22004578i 4500 |
| 001 - CONTROL NUMBER |
| control field |
21567057 |
| 005 - DATE AND TIME OF LATEST TRANSACTION |
| control field |
20221005155407.0 |
| 008 - FIXED-LENGTH DATA ELEMENTS--GENERAL INFORMATION |
| fixed length control field |
200616s2020 nyu b 001 0 eng |
| 010 ## - LIBRARY OF CONGRESS CONTROL NUMBER |
| LC control number |
2020025048 |
| 020 ## - INTERNATIONAL STANDARD BOOK NUMBER |
| International Standard Book Number |
9780367617219 |
| Qualifying information |
(hardback) |
| 020 ## - INTERNATIONAL STANDARD BOOK NUMBER |
| International Standard Book Number |
9780367622701 |
| Qualifying information |
(paperback) |
| 020 ## - INTERNATIONAL STANDARD BOOK NUMBER |
| Canceled/invalid ISBN |
9781003108207 |
| Qualifying information |
(ebook) |
| 020 ## - INTERNATIONAL STANDARD BOOK NUMBER |
| Canceled/invalid ISBN |
9781000220896 |
| Qualifying information |
(adobe pdf) |
| 020 ## - INTERNATIONAL STANDARD BOOK NUMBER |
| Canceled/invalid ISBN |
9781000220957 |
| Qualifying information |
(epub) |
| 020 ## - INTERNATIONAL STANDARD BOOK NUMBER |
| Canceled/invalid ISBN |
9781000220926 |
| Qualifying information |
(mobi) |
| 040 ## - CATALOGING SOURCE |
| Original cataloging agency |
DLC |
| Language of cataloging |
eng |
| Description conventions |
rda |
| Transcribing agency |
DLC |
| 042 ## - AUTHENTICATION CODE |
| Authentication code |
pcc |
| 043 ## - GEOGRAPHIC AREA CODE |
| Geographic area code |
a-cc--- |
| 050 00 - LIBRARY OF CONGRESS CALL NUMBER |
| Classification number |
HQ1075.5.C6 |
| Item number |
L535 2020 |
| 082 00 - DEWEY DECIMAL CLASSIFICATION NUMBER |
| Classification number |
305.30951 |
| Author Mark |
ZHU |
| 100 1# - MAIN ENTRY--PERSONAL NAME |
| Personal name |
Li, Zhuying, |
| Relator term |
author. |
| 9 (RLIN) |
99151 |
| 245 10 - TITLE STATEMENT |
| Title |
Gender hierarchy of masculinity and femininity during the Chinese Cultural Revolution : |
| Remainder of title |
revolutionary opera films / |
| Statement of responsibility, etc. |
Zhuying Li. |
| 263 ## - PROJECTED PUBLICATION DATE |
| Projected publication date |
2011 |
| 264 #1 - PRODUCTION, PUBLICATION, DISTRIBUTION, MANUFACTURE, AND COPYRIGHT NOTICE |
| Place of production, publication, distribution, manufacture |
New York : |
| Name of producer, publisher, distributor, manufacturer |
Routledge, |
| Date of production, publication, distribution, manufacture, or copyright notice |
2020. |
| 300 ## - PHYSICAL DESCRIPTION |
| Extent |
volumes cm. |
| 336 ## - CONTENT TYPE |
| Content type term |
text |
| Content type code |
txt |
| Source |
rdacontent |
| 337 ## - MEDIA TYPE |
| Media type term |
unmediated |
| Media type code |
n |
| Source |
rdamedia |
| 338 ## - CARRIER TYPE |
| Carrier type term |
volume |
| Carrier type code |
nc |
| Source |
rdacarrier |
| 490 0# - SERIES STATEMENT |
| Series statement |
Focus on global gender and sexuality |
| 504 ## - BIBLIOGRAPHY, ETC. NOTE |
| Bibliography, etc. note |
Includes bibliographical references and index. |
| 520 ## - SUMMARY, ETC. |
| Summary, etc. |
"Focusing on the influence of Maoist ideology and masculinist power on the representations of women in revolutionary opera films made during the Cultural Revolution, this book considers the gendered hierarchy between masculinity and femininity in relation to the historic and cultural context in which they were made. Using feminist methodology and epistemology to locate women's social identity, this book explores the sociological connections between the masculinisation of women and masculinist domination in the context of the Cultural Revolution. Through film analysis the author examines whether women rather than "liberated" were in fact re-gendered and oppressed by masculinist power. By critically evaluating gender hierarchy during the Chinese Cultural Revolution, the book provides hitherto neglected insights into gender within its social and cultural context. This an interdisciplinary book which should appeal to students and scholars across a range of disciplines, including gender studies, Asian Studies, China Studies, Cultural Studies and film studies"-- |
| Assigning source |
Provided by publisher. |
| 650 #0 - SUBJECT ADDED ENTRY--TOPICAL TERM |
| Topical term or geographic name entry element |
Sex role |
| Geographic subdivision |
China. |
| 9 (RLIN) |
99152 |
| 650 #0 - SUBJECT ADDED ENTRY--TOPICAL TERM |
| Topical term or geographic name entry element |
Masculinity |
| Geographic subdivision |
China. |
| 9 (RLIN) |
99153 |
| 650 #0 - SUBJECT ADDED ENTRY--TOPICAL TERM |
| Topical term or geographic name entry element |
Femininity |
| Geographic subdivision |
China. |
| 9 (RLIN) |
99154 |
| 650 #0 - SUBJECT ADDED ENTRY--TOPICAL TERM |
| Topical term or geographic name entry element |
Revolutionary operas |
| Geographic subdivision |
China. |
| 9 (RLIN) |
99155 |
| 651 #0 - SUBJECT ADDED ENTRY--GEOGRAPHIC NAME |
| Geographic name |
China |
| General subdivision |
History |
| Chronological subdivision |
Cultural Revolution, 1966-1976. |
| 9 (RLIN) |
99148 |
| 776 08 - ADDITIONAL PHYSICAL FORM ENTRY |
| Relationship information |
Online version: |
| Main entry heading |
Li, Zhuying, |
| Title |
Gender hierarchy of masculinity and femininity during the Chinese Cultural Revolution |
| Place, publisher, and date of publication |
New York : Routledge, 2020. |
| International Standard Book Number |
9781003108207 |
| Record control number |
(DLC) 2020025049 |
| 906 ## - LOCAL DATA ELEMENT F, LDF (RLIN) |
| a |
7 |
| b |
cbc |
| c |
orignew |
| d |
1 |
| e |
ecip |
| f |
20 |
| g |
y-gencatlg |
| 942 ## - ADDED ENTRY ELEMENTS (KOHA) |
| Source of classification or shelving scheme |
|
| Koha item type |
Book |